| 000 | 01162nam a22001697a 4500 | ||
|---|---|---|---|
| 008 | 140911b xxu||||| |||| 00| 0 eng d | ||
| 020 | _a0421742402 | ||
| 050 | _aKJC5132.A54 | ||
| 100 | _aGordon, Richard. | ||
| 245 |
_aThe straburg case law: Leading cases from the European human rights reports. / _cRichard Gordon. |
||
| 300 |
_alii,1572p.: _c25cm. |
||
| 500 | _aIncludes index. | ||
| 505 | _aContents: Convention concepts -- Convention articles, with commentary and cases extracts: Obligation to respect human rights -- The right to life -- Torture, inhuman or degrading treatment -- Prohibition on slavery and forced labour -- The right to liberty and security of the person -- Right to fair trial -- Prohibition of retrospective criminal offences or imposition of heavier penalties -- Freedom of thought, conscience and religion -- Freedom of expression -- Freedom of assembly and association -- Right to marry -- Right to an effective remedy -- Prohibition on discrimination -- Miscellaneous provisions -- Right to property -- The right to education -- The right to free elections. | ||
| 700 | _aWard, Tim. | ||
| 700 | _aEicke, Tim. | ||
| 942 |
_2lcc _cBK |
||
| 999 |
_c4719 _d12219 |
||